Остяко-Вогульская правда. № 96(302)$zrus: № 96(302) (Запись № 9999979)

Подробности
000 -МАРКЕР
контрольное поле 01619nam2a2200277 4500
001 - ИДЕНТИФИКАТОР ЗАПИСИ
контрольное поле RU\NLR\DIGIT\33541
005 - ИДЕНТИФИКАТОР ВЕРСИИ
контрольное поле 20250613202543.0
035 ## - ДРУГИЕ СИСТЕМНЫЕ НОМЕРА
Идентификатор записи (NLR Aleph) 010121287
100 ## - ДАННЫЕ ОБЩЕЙ ОБРАБОТКИ
Данные общей обработки 20060503j19331118|||y0rusy50 ca
101 0# - ЯЗЫК РЕСУРСА
Язык текста, звукозаписи и т.д. русский
Язык основного заглавия хантыйский
102 ## - СТРАНА ПУБЛИКАЦИИ ИЛИ ПРОИЗВОДСТВА
Страна публикации российская федерация
135 ## - ПОЛЕ КОДИРОВАННЫХ ДАННЫХ: ЭЛЕКТРОННЫЕ РЕСУРСЫ
Кодированные данные для электронного ресурса crbn 001aaaup
200 1# - ЗАГЛАВИЕ И СВЕДЕНИЯ ОБ ОТВЕТСТВЕННОСТИ
Основное заглавие № 96(302)
210 ## - ПУБЛИКАЦИЯ, РАСПРОСТРАНЕНИЕ И ДР.
Место издания, распространения и т.д. Самарово
Место изготовления Остяко-Вогульская Тип. Тоб. Куст. объединения Уралгазеттреста
Дата издания, распространения и т.д. 18 ноября 1933
215 ## - ФИЗИЧЕСКАЯ ХАРАКТЕРИСТИКА
Специфическое обозначение материала и объем 4 с.
325 ## - ПРИМЕЧАНИЕ О КОПИИ
Текст примечания Ostyako-Vogul'skaya_pravda_1933_N096
325 ## - ПРИМЕЧАНИЕ О КОПИИ
Текст примечания Копия доступна в Электрон. б-ке РНБ http://vivaldi.nlr.ru/pn000004879/view
461 #0 - УРОВЕНЬ НАБОРА
Встроенное поле 001RU\NLR\DIGIT\33345
-- 2001#$aHantь-Mansi Sop$d(Остяко-Вогульская правда)$eОрган ОК ВКП(б), Окрисполкома и Окрпрофсовета Остяко-Вогульского округа$v№ 96(302)$zrus
-- 210##$aСамарово$d1933
Системный номер (АБИС) связанной записи 9999531
Место публикации Ханты-Мансийск
Дата публикации 1931-1941
Сведения, относящиеся к заглавию орган Ханты-Мансийского окружного и Самаровского РК ВКП (б) и Ханты-Мансийского окружного Совета народных депутатов
Заглавие Остяко-Вогульская правда
Номер тома № 96(302)$zrus
801 #2 - ИСТОЧНИК ЗАПИСИ
Страна российская федерация
Организация NLR
Дата составления 20070626
Источник данных rusmarc
852 ## - МЕСТОНАХОЖДЕНИЕ И ШИФР ХРАНЕНИЯ
Идентификатор организации NLR
Шифр хранения (Call Number) С 40130
942 ## - ДОПОЛНИТЕЛЬНЫЕ ЭЛЕМЕНТЫ ЗАПИСИ (АБИС)
Тип экземпляра АБИС Выпуск газеты
980 ## - КОЛЛЕКЦИЯ
Название коллекции Национальная библиография
981 36 - КОЛЛЕКЦИЯ ЭЛЕКТРОННОЙ БИБЛИОТЕКИ
Название коллекции Цифровой репозиторий РНБ
981 27 - КОЛЛЕКЦИЯ ЭЛЕКТРОННОЙ БИБЛИОТЕКИ
Название коллекции Периодические издания
Название подколлекции Газеты

Нет доступных экземпляров.